| 000 | 01349nam a22003617a 4500 | ||
|---|---|---|---|
| 003 | CHAP | ||
| 005 | 20220329143223.0 | ||
| 008 | 070331d2006 mx abd r 00110 spa d | ||
| 010 | _a93482 | ||
| 011 | _a94454 | ||
| 035 | _a105044 | ||
| 040 | _cCHAP | ||
| 090 | _aTesis | ||
| 100 | 1 |
_aVillalva Valle, Rigoberto _9119469 |
|
| 245 | 1 | 0 |
_aPlan de negocios para la producción de rosa en invernadero, en Tepecoacuilco de Trujano, Guerrero _c/por Rigoberto Villalva Valle |
| 260 |
_aCocula, Gro. : _bEl autor, _c2006 |
||
| 300 |
_a108 h. : _bilus. ; gráfs. ; mapas ; cuad. ; diag. |
||
| 502 | _aTesis (Ing. Agr. Fitotecnista) -- Colegio Superior Agropecuario del Estado de Guerrero. Centro de Estudios Profesionales | ||
| 590 |
_aALEPH _b10 _c20130110 _lUCH01 _h1517 |
||
| 590 |
_aBATCH-UPD _b10 _c20130110 _lUCH01 _h0553 |
||
| 590 |
_aBATCH-UPD _b10 _c20130410 _lUCH01 _h1619 |
||
| 590 |
_aBATCH-UPD _b10 _c20130914 _lUCH01 _h1130 |
||
| 590 |
_aCONVERSION _b10 _c20130109 _lUCH01 _h1352 |
||
| 650 | 1 | 4 |
_aCultivos en invernadero. _930376 |
| 650 | 1 | 4 |
_aFlores _zGuerrero. _941414 |
| 650 | 1 | 4 |
_aNegocios. _980696 |
| 650 | 1 | 4 |
_aRosas _xCostos de producción. _999964 |
| 650 | 1 | 4 |
_aRosas _xRendimiento. _999988 |
| 901 | _aBK | ||
| 905 | _aMarco A. Mendoza T. | ||
| 942 | _cTESIS | ||
| 949 |
_aTesis _bBC _cTES _d33724002024694 _eTS1 _gDonaciØn _h46713 _i105044 _sb |
||
| 999 |
_c93482 _d93482 |
||